zpět

Detail výsledku týmu

Metro Music Pub, Most

Datum a čas kvízu

32 Celkem bodů Celkový počet nahraných bodů na tomto kvízu bez doplňovacích otázek.
4. Pořadí na kvízu Konečné umístění týmu na tomto kvízu.

Zaznamenané odpovědi

# Otázka Odpověď Body Výsledky
1. Jak se nazývá americká společn... Westinghouse 1
2. K bezprecedentnímu kroku se od... už nenabízí alkohol 0
3. Která poměrně mladá zpěvačka z... Billie Eilish 0
4. V pondělí byl slavnostně otevř... v Otrokovicích 0
5. Ve čtvrtek byl potvrzen přestu... Lewis Hamilton, Ferrari 0
6. Ve třetím díle cestovatelského... Jeseník 0
7. Stále větší oblibě cestovatelů... portugalština 0
8. Kdepak Paříž. Ve kterém městě... v Las Vegas 1
9. S písmenem M se vracíme do Čes... v Mníšku pod Brdy 0
10. Ve kterém století byl vybudová... v 19. století 1